Countries Visited by U.S. Presidents - Sudden Death - Statistics

General Stats
  • This quiz has been taken 686 times
  • The average score is 9 of 19
Answers on the Grid
Answers color-coded by a green-red scale on the quiz's grid according to % correct below.
Afghanistan
Algeria
Argentina
Bahamas
Belgium
China
Dominica
Egypt
France
Germany
Iraq
Ivory Coast
Japan
Kazakhstan
Luxembourg
Madagascar
Mexico
Monaco
Nicaragua
Nigeria
North Korea
Pakistan
Paraguay
Philippines
Russia
Sudan
Sweden
Switzerland
Vatican City
Yemen
 
Answer Stats
Answer % Correct
China
77%
Germany
77%
France
75%
Japan
70%
Mexico
65%
Vatican City
60%
Russia
58%
Belgium
54%
Switzerland
53%
Egypt
52%
Argentina
49%
Sweden
48%
Afghanistan
41%
Iraq
41%
Philippines
35%
North Korea
33%
Pakistan
18%
Nigeria
8%
Nicaragua
4%
No matching quizzes found
Score Distribution
Percent of People with Each Score
Percentile by Number Answered
Your Score History
You have not taken this quiz